000 00645nam a2200181 i 4500
001 21198
003 ES-MaACL
005 20250717061934.0
007 t|
008 021122s1976 xxu ||||1| fre d
100 1 _aAlbanese, Ralph.
_919228
245 1 3 _aLe dynamisme de la peur chez Molière
_b: une analyse socio-culturelle de Don Juan, Tartuffe et L'école des femmes /
_cby Ralph Albanese.
260 _aMississippi :
_bUniversity :
_bRomance Monographs,
_c1976.
300 _a211 p. ;
_c23 cm.
600 1 7 _aMolière,
_d1622-1673-
_xCrítica e interpretación
_2
_9154787
852 _aES-MaACL
_jA-5903
_bR.94855
999 _c21198
_d21198